Culture Générale - Série 2225 - Statistiques

Statistiques générales
  • Ce quiz a été pris 277 fois
  • Le résultat moyen est 5 sur 10
Statistiques - réponses
Question Réponse % Correct
Quel est le pays d'origine de la préparation culinaire appelée "taco" ? Mexique
94%
Quel mot de 7 lettres commençant par " c " désigne familièrement la tête ? carafon
74%
Quel objet signale le trou sur un green de golf ? drapeau
72%
Comment appelle-ton la médecine des personnes âgées ? gériatrie
72%
Sous quel nom connaissait-on mieux Anjezë Gonxhe Bojaxhiu (1910-1997) ? voir photo Mère Teresa
59%
Quel animal est un "carassin" ? poisson
35%
En 1960, qui incarne le Bossu dans le film d'André Hunnebelle ? prénom et nom Jean Marais
33%
Comment s'appelle l'instrument qui sert à mesurer une pression et qui est exprimée en bars ? manomètre
18%
Nom donné au cerf lorsqu'il est âgé de six mois à un an, avant qu'il ne devienne daguet ou Individu dénué de fortune et de mérite. here
11%
Quel film de Luc Besson a pour titre le nom d'une navette spatiale ? Atlantis
8%
Aucun quiz correspondant
Distribution des résultats
% des personnes avec chaque résultat
Percentile par nombre de réponses
Votre historique - résultats
Vous n’avez pas pris ce quiz